[Event "Mlada Boleslav Region-ch U20"]
[Site "Mlada Boleslav"]
[Date "2014.06.21"]
[Round "4"]
[White "Zvolensky, David"]
[Black "Plechatova, Jarmila"]
[Result "1-0"]
[WhiteElo "1265"]
[BlackElo "1125"]
[PlyCount "113"]
[EventDate "2014.06.21"]
[EventType "swiss"]
[EventRounds "7"]
[EventCountry "CZE"]
[SourceTitle "EXT 2016"]
[Source "ChessBase"]
[SourceDate "2015.10.08"]
[SourceVersion "1"]
[SourceVersionDate "2015.10.08"]
[SourceQuality "1"]

1. e4 e5 2. Nf3 d6 3. d4 Nf6 4. dxe5 dxe5 5. Qxd8+ Kxd8 6. Nxe5 Be6 7. Nc3 Bb4 8. Bd3 Bxc3+ 9. bxc3 Re8 10. 0-0 Ng4 11. Nxg4 Bxg4 12. f3 Bd7 13. Bc4 Be6 14. Rd1+ Nd7 15. Bxe6 Rxe6 16. Rb1 b6 17. Be3 Rc6 18. Rd3 Kc8 19. Rbd1 Ne5 20. Rd8+ Kb7 21. Rxa8 Kxa8 22. Bd4 Re6 23. Bxe5 Rxe5 24. Rd5 Re7 25. Kf2 g6 26. c4 Kb7 27. c5 Re6 28. c4 c6 29. Rd7+ Ka6 30. cxb6 axb6 31. Rxf7 h5 32. h3 Rd6 33. Ke3 Ka5 34. e5 Re6 35. Kd4 Kb4 36. Rf6 Re7 37. Rxc6 Rd7+ 38. Rd6 Rb7 39. Rxg6 Ka3 40. Rd6 Kxa2 41. e6 Re7 42. Kd5 Kb3 43. Rd7 Re8 44. Rb7 Kb4 45. Rxb6+ Ka5 46. c5 Rd8+ 47. Rd6 Re8 48. Rd7 Ka6 49. Kd6 Rg8 50. e7 Rg6+ 51. Kc7 Ka7 52. Kc8+ Ka8 53. e8Q Rc6+ 54. Rc7 Rxc7+ 55. Kxc7+ Ka7 56. Qb8+ Ka6 57. Qb6# 1-0

[Event "Mlada Boleslav Region-ch U20"]
[Site "Mlada Boleslav"]
[Date "2012.06.24"]
[Round "7"]
[White "Mayrhofer, Matyas"]
[Black "Plechatova, Jarmila"]
[Result "1-0"]
[WhiteElo "1250"]
[BlackElo "1100"]
[PlyCount "47"]
[EventDate "2012.06.23"]
[EventType "swiss"]
[EventRounds "7"]
[EventCountry "CZE"]
[SourceTitle "EXT 2014"]
[Source "ChessBase"]
[SourceDate "2013.11.20"]
[SourceVersion "1"]
[SourceVersionDate "2013.11.20"]
[SourceQuality "1"]

1. e4 e5 2. Nf3 Nc6 3. Nc3 Nf6 4. Bc4 Bc5 5. d3 d6 6. Nd5 0-0 7. h3 Be6 8. Nxf6+ Qxf6 9. Bg5 Qg6 10. Qd2 Bxc4 11. dxc4 Qxe4+ 12. Be3 Qxc4 13. Bh6 Qe4+ 14. Kf1 gxh6 15. Qxh6 Qg6 16. Qd2 Rae8 17. Nh4 Qg7 18. Nf5 Qf6 19. Nh6+ Kh8 20. Ng4 Qf4 21. Qd3 h5 22. a3 hxg4 23. hxg4+ Kg8 24. Qh7# 1-0

[Event "Mlada Boleslav Region-ch U20"]
[Site "Mlada Boleslav"]
[Date "2012.06.23"]
[Round "3"]
[White "Plechatova, Jarmila"]
[Black "Berdych, Petr"]
[Result "0-1"]
[WhiteElo "1100"]
[BlackElo "1100"]
[PlyCount "54"]
[EventDate "2012.06.23"]
[EventType "swiss"]
[EventRounds "7"]
[EventCountry "CZE"]
[SourceTitle "EXT 2014"]
[Source "ChessBase"]
[SourceDate "2013.11.20"]
[SourceVersion "1"]
[SourceVersionDate "2013.11.20"]
[SourceQuality "1"]

1. e4 e5 2. Nf3 Nc6 3. Bc4 Qe7 4. d4 Qb4+ 5. Nbd2 exd4 6. c3 dxc3 7. bxc3 Qxc3 8. 0-0 Qxa1 9. e5 Nxe5 10. Nb3 Qxa2 11. Qd5 d6 12. Bb5+ c6 13. Bxc6+ bxc6 14. Qd1 Nf6 15. Nxe5 dxe5 16. Re1 Ng4 17. h3 Qxf2+ 18. Kh1 c5 19. Rg1 Ne3 20. Bxe3 Qxe3 21. Re1 Qg3 22. Nxc5 Bxc5 23. Qa4+ Bd7 24. Qd1 Bc6 25. Rg1 e4 26. Rf1 e3 27. Qc1 Qxg2# 0-1